[Event "Dieren op"]
[Site "Dieren"]
[Date "2014.07.22"]
[Round "1"]
[White "Von Meijenfeldt, Bart"]
[Black "Gouw, Carol Peter"]
[Result "1-0"]
[WhiteElo "2331"]
[BlackElo "2110"]
[PlyCount "55"]
[EventDate "2014.07.22"]
[EventType "swiss"]
[EventRounds "9"]
[EventCountry "NED"]
[SourceTitle "CBM 161 Extra"]
[Source "ChessBase"]
[SourceDate "2014.08.29"]
[SourceVersion "1"]
[SourceVersionDate "2014.08.29"]
[SourceQuality "1"]

1. e4 d6 2. d4 Nf6 3. Nc3 g6 4. Be3 c6 5. Qd2 b5 6. f3 Nbd7 7. d5 cxd5 8. Nxd5 Nxd5 9. Qxd5 Rb8 10. Bd4 Bb7 11. Qb3 e5 12. Be3 Be7 13. 0-0-0 a6 14. Kb1 0-0 15. h4 Qc7 16. h5 Nc5 17. Qc3 Rfc8 18. Nh3 b4 19. Qd2 Na4 20. hxg6 hxg6 21. Qd3 d5 22. Qb3 Nc3+ 23. bxc3 bxc3 24. Bb6 Qd7 25. a4 a5 26. exd5 Bxd5 27. Rxd5 Rxb6 28. Bb5 1-0

[Event "Bossum Pinkster op-A"]
[Site "Bossum"]
[Date "2010.05.21"]
[Round "1"]
[White "Van Kampen, Robin"]
[Black "Gouw, Carol Peter"]
[Result "1-0"]
[WhiteElo "2475"]
[BlackElo "2096"]
[PlyCount "53"]
[EventDate "2010.05.21"]
[EventType "swiss"]
[EventRounds "7"]
[EventCountry "NED"]
[SourceTitle "CBM 136 Extra"]
[Source "ChessBase"]
[SourceDate "2010.07.02"]
[SourceVersion "2"]
[SourceVersionDate "2010.07.15"]
[SourceQuality "1"]

1. e4 c6 2. d4 d5 3. e5 Bf5 4. Nd2 e6 5. Nb3 Nd7 6. Nf3 Bg4 7. h3 Bxf3 8. Qxf3 Ne7 9. c3 a5 10. a4 Ng6 11. Be3 Be7 12. Bd3 0-0 13. h4 c5 14. Nd2 cxd4 15. cxd4 f5 16. exf6 Nxf6 17. h5 Nh8 18. Qh3 Bb4 19. h6 g6 20. Qxe6+ Nf7 21. 0-0 Re8 22. Qh3 Qd6 23. Nf3 Ne4 24. Rac1 Qf6 25. Rc7 Bd6 26. Rxb7 Rad8 27. Rc1 1-0

[Event "Dieren op"]
[Site "Dieren"]
[Date "2006.07.28"]
[Round "4"]
[White "Schuurman, Petra"]
[Black "Gouw, Carol Peter"]
[Result "1-0"]
[WhiteElo "2219"]
[BlackElo "2150"]
[PlyCount "77"]
[EventDate "2006.07.25"]
[EventType "swiss"]
[EventRounds "9"]
[EventCountry "NED"]
[SourceTitle "CBM 113 Extra"]
[Source "ChessBase"]
[SourceDate "2006.09.14"]
[SourceVersion "1"]
[SourceVersionDate "2006.09.14"]
[SourceQuality "1"]

1. d4 e6 2. c4 f5 3. g3 Nf6 4. Bg2 c6 5. Qc2 d5 6. Nh3 Be7 7. 0-0 0-0 8. Nd2 Na6 9. a3 Nc7 10. Nf3 Ne4 11. Ne5 Bf6 12. Rd1 Qe7 13. b3 Bd7 14. f3 Nd6 15. Bb2 Rad8 16. a4 Bc8 17. e3 g6 18. Nf4 Qg7 19. Nfd3 Rfe8 20. Rac1 Na6 21. c5 Nf7 22. b4 Nc7 23. Bc3 a6 24. Qb2 g5 25. f4 g4 26. Bf1 h5 27. b5 axb5 28. Ba5 Bxe5 29. dxe5 Nh8 30. axb5 Ng6 31. Nb4 Qd7 32. Nc2 h4 33. Nd4 hxg3 34. hxg3 Re7 35. Rd2 Rh7 36. bxc6 bxc6 37. Rcc2 Rf8 38. Bxc7 Qxc7 39. Qb6 1-0

[Event "Dieren op"]
[Site "Dieren"]
[Date "2005.08.03"]
[Round "8"]
[White "Van Roosmalen, Sjoerd"]
[Black "Gouw, Carol Peter"]
[Result "1-0"]
[WhiteElo "2089"]
[BlackElo "2164"]
[PlyCount "53"]
[EventDate "2005.07.26"]
[EventType "swiss"]
[EventRounds "9"]
[EventCountry "NED"]
[SourceTitle "CBM 107 Extra"]
[Source "ChessBase"]
[SourceDate "2005.09.01"]
[SourceVersion "1"]
[SourceVersionDate "2005.09.01"]
[SourceQuality "1"]

1. d4 e6 2. c4 f5 3. Nc3 Nf6 4. e3 Bb4 5. Bd3 Bxc3+ 6. bxc3 0-0 7. Ba3 Re8 8. Qc2 Nc6 9. Ne2 d6 10. c5 dxc5 11. Bxc5 b6 12. Ba3 e5 13. Bc4+ Kh8 14. Bf7 Re7 15. Bxe7 Qxe7 16. Bc4 Na5 17. Bd3 e4 18. Bb5 c6 19. Ba4 Ba6 20. Bb3 c5 21. Qd2 Rd8 22. 0-0 Ng4 23. f3 exf3 24. Rxf3 Qc7 25. Rh3 Bb7 26. Nf4 Qe7 27. Ng6# 1-0

[Event "Dieren op"]
[Site "Dieren"]
[Date "2005.08.02"]
[Round "7"]
[White "Gouw, Carol Peter"]
[Black "Crickmore, Neil EG"]
[Result "1-0"]
[WhiteElo "2164"]
[BlackElo "2129"]
[PlyCount "63"]
[EventDate "2005.07.26"]
[EventType "swiss"]
[EventRounds "9"]
[EventCountry "NED"]
[SourceTitle "CBM 107 Extra"]
[Source "ChessBase"]
[SourceDate "2005.09.01"]
[SourceVersion "1"]
[SourceVersionDate "2005.09.01"]
[SourceQuality "1"]

1. c4 Nf6 2. Nc3 g6 3. e4 d6 4. d4 Bg7 5. Nge2 0-0 6. Ng3 c5 7. d5 e6 8. Be2 exd5 9. cxd5 a6 10. a4 Nbd7 11. 0-0 Rb8 12. Be3 Re8 13. Qd2 Qc7 14. f4 c4 15. e5 dxe5 16. f5 Nc5 17. d6 Qc6 18. fxg6 hxg6 19. Rxf6 Bxf6 20. Rf1 Bg7 21. Bxc4 Be6 22. Bd5 Bxd5 23. Nxd5 Nb3 24. Qd1 Nd4 25. Bxd4 Qxd5 26. Ba7 Qxd1 27. Rxd1 Rbd8 28. Bb6 Rd7 29. Ne4 Rc8 30. Bc7 Rcxc7 31. dxc7 Rxd1+ 32. Kf2 1-0

[Event "Dieren op"]
[Site "Dieren"]
[Date "2005.07.30"]
[Round "5"]
[White "Gouw, Carol Peter"]
[Black "Friesen, Boris"]
[Result "1/2-1/2"]
[WhiteElo "2164"]
[BlackElo "2139"]
[PlyCount "54"]
[EventDate "2005.07.26"]
[EventType "swiss"]
[EventRounds "9"]
[EventCountry "NED"]
[SourceTitle "CBM 107 Extra"]
[Source "ChessBase"]
[SourceDate "2005.09.01"]
[SourceVersion "1"]
[SourceVersionDate "2005.09.01"]
[SourceQuality "1"]

1. c4 Nf6 2. Nc3 d5 3. cxd5 Nxd5 4. Nf3 g6 5. Qa4+ Bd7 6. Qh4 Nb6 7. d4 Bg7 8. Bh6 Kf8 9. e4 Nc6 10. Be2 e6 11. Bxg7+ Kxg7 12. Qg3 Ne7 13. h4 h5 14. 0-0 c6 15. Qe5+ f6 16. Qc5 Ng8 17. a4 Qe7 18. a5 Nc8 19. Na4 Nh6 20. Bc4 Re8 21. Qxe7+ Rxe7 22. Nc5 Nd6 23. Bb3 Bc8 24. e5 Nb5 25. exf6+ Kxf6 26. Ne4+ Kg7 27. Bc4 Nf5 1/2-1/2

[Event "Dieren op"]
[Site "Dieren"]
[Date "2005.07.28"]
[Round "3"]
[White "Gouw, Carol Peter"]
[Black "Hofland, Leonhard"]
[Result "0-1"]
[WhiteElo "2164"]
[BlackElo "2289"]
[PlyCount "72"]
[EventDate "2005.07.26"]
[EventType "swiss"]
[EventRounds "9"]
[EventCountry "NED"]
[SourceTitle "CBM 107 Extra"]
[Source "ChessBase"]
[SourceDate "2005.09.01"]
[SourceVersion "1"]
[SourceVersionDate "2005.09.01"]
[SourceQuality "1"]

1. c4 c5 2. Nf3 Nc6 3. d4 cxd4 4. Nxd4 Nf6 5. Nc3 Qa5 6. Nc2 Ne4 7. Bd2 Nxd2 8. Qxd2 g6 9. g3 Bg7 10. Bg2 d6 11. 0-0 Be6 12. Rab1 Bxc4 13. b4 Qe5 14. b5 Nd8 15. Ne4 d5 16. Ne3 Bxe2 17. Qxe2 dxe4 18. Nc4 Qe6 19. Qxe4 Qxe4 20. Bxe4 Rc8 21. Rbc1 Rc5 22. a4 b6 23. Ne3 Ne6 24. Bc6+ Kf8 25. Rxc5 Nxc5 26. Rd1 Bf6 27. Nc4 Bc3 28. Rc1 Bd4 29. a5 bxa5 30. Nxa5 Kg7 31. Bf3 Bxf2+ 32. Kf1 Be3 33. Rb1 Ne6 34. Nc6 Nd4 35. Nxa7 Nxf3 36. Ke2 Bxa7 0-1

[Event "Dieren op"]
[Site "Dieren"]
[Date "2004.08.02"]
[Round "6"]
[White "Gouw, Carol Peter"]
[Black "Hartoch, Robert G"]
[Result "0-1"]
[WhiteElo "2189"]
[BlackElo "2300"]
[PlyCount "80"]
[EventDate "2004.07.27"]
[EventType "swiss"]
[EventRounds "9"]
[EventCountry "NED"]
[SourceTitle "CBM 101 Extra"]
[Source "ChessBase"]
[SourceDate "2004.09.01"]
[SourceVersion "2"]
[SourceVersionDate "2004.09.01"]
[SourceQuality "1"]

1. d4 g6 2. c4 Bg7 3. Nc3 d6 4. e4 e5 5. d5 Nf6 6. Nge2 a5 7. Ng3 Nbd7 8. Be2 Nc5 9. h4 h5 10. Bg5 Bh6 11. Bxh6 Rxh6 12. Qd2 Rh8 13. 0-0-0 Qe7 14. Kb1 Bd7 15. f3 b6 16. Nf1 0-0-0 17. Ne3 Kb7 18. Nc2 Ra8 19. Ne1 Be8 20. Nd3 Nfd7 21. g3 Nxd3 22. Bxd3 Nc5 23. b3 Bd7 24. Bc2 f5 25. Rdf1 Rhf8 26. exf5 gxf5 27. Re1 Rg8 28. Rhg1 Rg6 29. a3 Rag8 30. Qf2 Qg7 31. Ne2 Qf6 32. Ka2 R6g7 33. Qe3 f4 34. gxf4 exf4 35. Rxg7 fxe3 36. Rxg8 Qxh4 37. Reg1 a4 38. Nc1 axb3+ 39. Bxb3 Qf2+ 40. Ka1 e2 0-1

[Event "Dieren op"]
[Site "Dieren"]
[Date "2004.07.31"]
[Round "5"]
[White "Hofland, Leonhard"]
[Black "Gouw, Carol Peter"]
[Result "1/2-1/2"]
[WhiteElo "2305"]
[BlackElo "2189"]
[PlyCount "34"]
[EventDate "2004.07.27"]
[EventType "swiss"]
[EventRounds "9"]
[EventCountry "NED"]
[SourceTitle "CBM 101 Extra"]
[Source "ChessBase"]
[SourceDate "2004.09.01"]
[SourceVersion "2"]
[SourceVersionDate "2004.09.01"]
[SourceQuality "1"]

1. d4 f5 2. g3 Nf6 3. Bg2 e6 4. Nh3 c6 5. 0-0 d5 6. Nf4 Bd6 7. Nd3 0-0 8. Nd2 b6 9. Nf3 Bb7 10. Bf4 Ne4 11. Bxd6 Nxd6 12. Nfe5 Nd7 13. Nxd7 Qxd7 14. Ne5 Qe7 15. e3 Nf7 16. Nxf7 Rxf7 17. f4 c5 1/2-1/2